000 01233nam0a2200337 4500
001 RU\NLR\BIBL_A\011778616
005 20180911161245.0
010 _a978-5-4315-1329-9
_915000
021 _aRU
_bКН-П-18-053567
_9КН-П-18-3861
035 _a(NLR Aleph) 011778616
035 _a(RuMoRGB)009697440
090 _a11764325
_c11764325
100 _a20180828d2018 u y0rusy50 ca
101 0 _arus
102 _aRU
105 _aa|||zzzz000gy
200 1 _aВ лесу
_eзагадки добавлялки
_e[для чтения взрослыми детям ]
_fавтор стихов: О. Мозалёва
_gхудожник: Д. Нюберг]
210 _aМосква
_cМозаика-Синтез
_d2018
215 _a[8] с.
_cцв. ил.
_d24
225 1 _aРаскрась водой
300 _aАвт. указан перед вып. дан.
333 _a0+
686 0 _aШ9(2)60=Р7-5
700 1 _aМозалёва
_bО.
_gОльга
702 1 _aНюберг
_bД.
_gДарья
_4040
942 _cBOOK
980 _aNBR
980 _aNB